LEADER 01447nam a2200301 i 4500 001 991002377919707536 008 131121s2004 it a 001 0 ita d 020 $a8850321538 035 $ab14164565-39ule_inst 040 $aBibl. Dip.le Aggr. Ingegneria Innovazione - Sez. Ingegneria Innovazione$beng 082 00$a620.0042 100 1 $aGrabowski, Ralph$030415 245 10$aAutoCAD 2004 :$bi fondamenti /$cRalph Grabowski 260 $aMilano :$bApogeo,$cc2004 300 $axxxvi, 921 p. :$bill. ;$c24 cm +$e1 CD-ROM 500 $aOrig. Title: AutoCAD 2004 : basics 500 $aIncludes index 630 00$aAutoCAD 650 0$aComputer graphics 907 $a.b14164565$b19-04-22$c21-11-13 912 $a991002377919707536 945 $aLE026 620.0042 GRA 01.01 2004$cC.1$g1$i2026000021515$lle026$nFondo GISI$og$pE0.00$q-$rl$s- $t0$u1$v0$w1$x0$y.i15557005$z21-11-13 945 $aLE026 620.0042 GRA 01.01 C.2 2004$cC.2$g1$i2026000134901$lle026$mTesto collocato sul pavimento.$nFondo GISI$og$pE0.00$q-$rl$st $t0$u0$v0$w0$x0$y.i16007451$z19-04-22 945 $aLE026 cd-rom n. 105$cC.1 cd$g1$i2026000035253$lle026$nFondo GISI$og$pE0.00$q-$rl$s- $t0$u0$v0$w0$x0$y.i15557029$z21-11-13 945 $aLE026 cd-rom n. 450$cC.2 cd$g1$i2026000134918$lle026$nFondo GISI$og$pE0.00$q-$rl$s- $t0$u0$v0$w0$x0$y.i16007463$z19-04-22 996 $aAutoCAD 2004$9261079 997 $aUNISALENTO 998 $ale026$b21-11-13$cm$da $e-$fita$git $h0$i0 LEADER 01587 am 2200541 n 450 001 9910308050703321 005 20180726 010 $a2-37154-086-2 024 7 $a10.4000/books.iheal.3579 035 $a(CKB)4100000007549232 035 $a(FrMaCLE)OB-iheal-3579 035 $a(oapen)https://directory.doabooks.org/handle/20.500.12854/58413 035 $a(PPN)234055189 035 $a(EXLCZ)994100000007549232 100 $a20190125j|||||||| ||| 0 101 0 $afre 135 $auu||||||m|||| 181 $ctxt$2rdacontent 182 $cc$2rdamedia 183 $acr$2rdacarrier 200 10$aRévoltes des indiens Tarahumaras (1626-1724) /$fJoseph Neumann 210 $aParis $cÉditions de l?IHEAL$d2018 215 $a1 online resource (LXIII-188-[2] p.) 517 $aRĂ©voltes des indiens Tarahumaras 517 $aRévoltes des indiens Tarahumaras 606 $aHistory 606 $ajésuites 606 $aMexique 606 $amissions 606 $aTarahumara (Indiens) 610 $aTarahumara (Indiens) 610 $ajésuites 610 $amissions 610 $aMexique 615 4$aHistory 615 4$ajésuites 615 4$aMexique 615 4$amissions 615 4$aTarahumara (Indiens) 700 $aNeumann$b Joseph$01284344 701 $aGonzález$b Luis$01284345 701 $aNeumann$b Joseph$01284344 701 $aGonzález$b Luis$01284345 801 0$bFR-FrMaCLE 906 $aBOOK 912 $a9910308050703321 996 $aRévoltes des indiens Tarahumaras (1626-1724)$93019376 997 $aUNINA